00386 a2200145 4500003000400000005001700004008004100021020001500062040000900077082001800086100003200104245005700136260003800193300000900231OSt20231222161155.0231222b |||||||| |||| 00| 0 eng d a8170557089 coclc a891.43bTRI/B aTripathi, Vashishta Narayan aBHARTIYA LOKNATYA /cDr. Vashishtha Narayan Tripathi aNew Delhi:bVani Prakashanc2001. a140p